00378nam a22001457a 4500003000400000008004100004020001800045082001500063100001800078245005000096250001600146260005100162300001100213650000800224OSt240427b |||||||| |||| 00| 0 eng d a9788121939485 a006.33 CHA aCHOPRA, Rajiv aArtificial Intelligence: A Practical Approach aRevised ed. aNew Delhi,bS Chand and Company Limited,c2023 a392 p. aECE